Sondy do studia (o) islámu v období migrační krize

Saved in:
Bibliographic Details
Main Author: Rosůlek, Přemysl
Format: Book
Language:Czech
Published: Praha Dokořán 2017
Edition:1. vydání
Series:Edice Bod
Subjects:
Tags: Add Tag
No Tags, Be the first to tag this record!

MARC

LEADER 00000nam a2200000 4500
001 0240167
005 20221221134107.7
020 |a 978-80-7363-872-6 
041 0 |a cze 
044 |a CZ 
245 1 0 |a Sondy do studia (o) islámu v období migrační krize  |c Přemysl Rosůlek a kol. 
250 |a 1. vydání 
264 1 |a Praha  |b Dokořán  |c 2017 
300 |a 263 s. 
490 1 |a Edice Bod 
830 0 |a Edice Bod 
610 2 0 |a islam 
610 2 0 |a moslimovia 
610 2 0 |a metodológia 
610 2 0 |a rozhovor 
610 2 0 |a migrácia nelegálna 
610 2 0 |a kríza 
610 2 0 |a strany politické 
610 2 0 |a imigrácia 
610 2 0 |a konflikty etnické 
610 2 0 |a Arabi 
610 2 0 |a Česko 
100 1 |a Rosůlek, Přemysl